<?xml version="1.0" encoding="UTF-8"?>
<record
    xmlns:xsi="http://www.w3.org/2001/XMLSchema-instance"
    xsi:schemaLocation="http://www.loc.gov/MARC21/slim http://www.loc.gov/standards/marcxml/schema/MARC21slim.xsd"
    xmlns="http://www.loc.gov/MARC21/slim">

  <leader>01788nam a2200253 i 4500</leader>
  <controlfield tag="003">DO-SdBNP</controlfield>
  <controlfield tag="005">20230914125155.0</controlfield>
  <controlfield tag="007">ta</controlfield>
  <controlfield tag="008">150114s2022    dr d          000 0 spa d</controlfield>
  <datafield tag="040" ind1=" " ind2=" ">
    <subfield code="a">DO-SdBNP</subfield>
    <subfield code="b">spa</subfield>
    <subfield code="c">BNPHU</subfield>
    <subfield code="e">rda</subfield>
  </datafield>
  <datafield tag="082" ind1=" " ind2=" ">
    <subfield code="2">22</subfield>
    <subfield code="b">G943</subfield>
  </datafield>
  <datafield tag="110" ind1="1" ind2=" ">
    <subfield code="a">Federaci&#xF3;n Dominicana de Municipios (FEDOMU)</subfield>
    <subfield code="9">84131</subfield>
  </datafield>
  <datafield tag="245" ind1="1" ind2="0">
    <subfield code="a">Gu&#xED;a para el despliegue del sistema de calidad en la gesti&#xF3;n de los servicios de residuos s&#xF3;lidos municipio Santo Domingo Este  /</subfield>
    <subfield code="c">consultor Bernardo Mat&#xED;as </subfield>
  </datafield>
  <datafield tag="264" ind1=" " ind2=" ">
    <subfield code="a">Santo Domingo :</subfield>
    <subfield code="b">FEDOMU,</subfield>
    <subfield code="c">2022.</subfield>
  </datafield>
  <datafield tag="300" ind1=" " ind2=" ">
    <subfield code="a">75 p&#xE1;ginas</subfield>
    <subfield code="b">gr&#xE1;ficos </subfield>
    <subfield code="c">28 cm.</subfield>
  </datafield>
  <datafield tag="336" ind1=" " ind2=" ">
    <subfield code="2">rdacontent</subfield>
    <subfield code="a">texto</subfield>
    <subfield code="b">txt</subfield>
  </datafield>
  <datafield tag="337" ind1=" " ind2=" ">
    <subfield code="2">rdamedia</subfield>
    <subfield code="a">sin mediaci&#xF3;n </subfield>
    <subfield code="b">n</subfield>
  </datafield>
  <datafield tag="338" ind1=" " ind2=" ">
    <subfield code="2">rdacarrier</subfield>
    <subfield code="a">volumen</subfield>
    <subfield code="b">nc</subfield>
  </datafield>
  <datafield tag="505" ind1=" " ind2=" ">
    <subfield code="t">Participantes en la discusi&#xF3;n, dise&#xF1;o y validaci&#xF3;n --</subfield>
    <subfield code="t">Participantes en grupos focales con las comunidades --</subfield>
    <subfield code="t">Siglas --</subfield>
    <subfield code="t">Glosario --</subfield>
    <subfield code="t">Presentaci&#xF3;n --</subfield>
    <subfield code="g">Capitulo I. --</subfield>
    <subfield code="t">Introducci&#xF3;n --</subfield>
    <subfield code="g">Capitulo II. --</subfield>
    <subfield code="t">La calidad en la gesti&#xF3;n de los residuos s&#xF3;lidos del municipio Santo Domingo Este --</subfield>
    <subfield code="g">Capitulo III. --</subfield>
    <subfield code="t">Objetivos de la gu&#xED;a --</subfield>
    <subfield code="g">Capitulo IV. --</subfield>
    <subfield code="t">Situaci&#xF3;n actual del sistema de recolecci&#xF3;n de los residuos s&#xF3;lidos del ASDE  --</subfield>
    <subfield code="g">Capitulo V. --</subfield>
    <subfield code="t">Caracter&#xED;sticas, naturaleza y alcance del sistema --</subfield>
    <subfield code="g">Capitulo VI. --</subfield>
    <subfield code="t">Pol&#xED;ticas y objetivos de calidad de los servicios del sistema de gesti&#xF3;n de los residuos s&#xF3;lidos municipales --</subfield>
    <subfield code="g">Capitulo VII. --</subfield>
    <subfield code="t">Principios rectores del sistema de calidad para la gesti&#xF3;n de los residuos s&#xF3;lidos municipales --</subfield>
    <subfield code="g">Capitulo VIII. --</subfield>
    <subfield code="t">Modelo para la calidad en la gesti&#xF3;n de los servicios de recolecci&#xF3;n de los residuos s&#xF3;lidos en el ayuntamiento de Santo Domingo Este /</subfield>
  </datafield>
  <datafield tag="590" ind1=" " ind2=" ">
    <subfield code="a">Inventariado, 2023/ YL</subfield>
  </datafield>
  <datafield tag="700" ind1="1" ind2=" ">
    <subfield code="a">Mat&#xED;as, Bernardo</subfield>
    <subfield code="e">consultor</subfield>
    <subfield code="9">84132</subfield>
  </datafield>
  <datafield tag="910" ind1=" " ind2=" ">
    <subfield code="a">YLockward</subfield>
  </datafield>
  <datafield tag="942" ind1=" " ind2=" ">
    <subfield code="2">ddc</subfield>
    <subfield code="c">LBS1</subfield>
  </datafield>
  <datafield tag="952" ind1=" " ind2=" ">
    <subfield code="0">0</subfield>
    <subfield code="1">0</subfield>
    <subfield code="2">ddc</subfield>
    <subfield code="5">1</subfield>
    <subfield code="7">0</subfield>
    <subfield code="8">PD</subfield>
    <subfield code="a">BNPHU</subfield>
    <subfield code="b">BNPHU</subfield>
    <subfield code="c">CT</subfield>
    <subfield code="d">2023-01-23</subfield>
    <subfield code="e">Editora B&#xFA;ho</subfield>
    <subfield code="l">0</subfield>
    <subfield code="o">BNPHU PD G943</subfield>
    <subfield code="p">2023-5900</subfield>
    <subfield code="r">2023-09-14</subfield>
    <subfield code="w">2023-09-14</subfield>
    <subfield code="y">LBS1</subfield>
  </datafield>
  <datafield tag="952" ind1=" " ind2=" ">
    <subfield code="0">0</subfield>
    <subfield code="1">0</subfield>
    <subfield code="2">ddc</subfield>
    <subfield code="5">1</subfield>
    <subfield code="7">0</subfield>
    <subfield code="8">PD</subfield>
    <subfield code="a">BNPHU</subfield>
    <subfield code="b">BNPHU</subfield>
    <subfield code="c">CT</subfield>
    <subfield code="d">2023-01-23</subfield>
    <subfield code="e">Editora B&#xFA;ho</subfield>
    <subfield code="l">0</subfield>
    <subfield code="o">BNPHU PD G943</subfield>
    <subfield code="p">2023-5901</subfield>
    <subfield code="r">2023-09-14</subfield>
    <subfield code="t">e. 2</subfield>
    <subfield code="w">2023-09-14</subfield>
    <subfield code="y">LBS1</subfield>
  </datafield>
  <datafield tag="999" ind1=" " ind2=" ">
    <subfield code="c">54753</subfield>
    <subfield code="d">54753</subfield>
  </datafield>
</record>
